| 000 | 00468nam a2200181Ia 4500 | ||
|---|---|---|---|
| 008 | 170705s9999 xx 000 0 und d | ||
| 020 | _a9780531205204 | ||
| 245 | 2 | _aA home in the rain forest . | |
| 245 | _cby Christine Taylor-Butler. | ||
| 260 | _aNew York : | ||
| 260 | _bChildren's Press, | ||
| 260 | _c2007 | ||
| 300 | _a24 pages : | ||
| 300 | _bcolor illustration ; | ||
| 300 | _c20cm. | ||
| 440 | _aScholastic news nonfiction readers. | ||
| 500 | _a590 | ||
| 999 |
_c337398 _d337398 |
||